[Event "Mogliano Veneto op-C 31st"]
[Site "Mogliano Veneto"]
[Date "2010.05.02"]
[Round "4"]
[White "Bellon, Antonio"]
[Black "Vomiero, Luciano"]
[Result "0-1"]
[WhiteElo "1467"]
[BlackElo "1464"]
[PlyCount "81"]
[EventDate "2010.04.30"]
[EventType "swiss"]
[EventRounds "5"]
[EventCountry "ITA"]
[SourceTitle "EXT 2023"]
[Source "ChessBase"]
[SourceDate "2022.10.05"]
[SourceVersion "1"]
[SourceVersionDate "2022.10.05"]
[SourceQuality "1"]

1. e4 e5 2. Nf3 d6 3. Bc4 Be7 4. d4 Nc6 5. dxe5 dxe5 6. Qxd8+ Bxd8 7. Nc3 Nf6 8. Bg5 0-0 9. 0-0-0 Bg4 10. h3 Bxf3 11. gxf3 Nh5 12. h4 Bxg5+ 13. hxg5 g6 14. Nd5 Rac8 15. Rh3 Kg7 16. Rdh1 Rh8 17. Be2 Nd4 18. Bd1 Nf4 19. Nxf4 exf4 20. c3 Ne6 21. Bb3 Nxg5 22. Rh4 Nxf3 23. Rxf4 Ne5 24. Kc2 Rcd8 25. Rd1 c6 26. Rd4 b5 27. a4 a6 28. Rh4 Nf3 29. Rxd8 Rxd8 30. Rf4 Ne5 31. Rh4 Nd3 32. axb5 axb5 33. Bd5 Ne1+ 34. Kd1 Nf3 35. Rh3 Ng5 36. Rd3 cxd5 37. exd5 Ne4 38. Ke2 Nd6 39. Rd4 h5 40. Kf3 g5 41. Rd3 0-1